Las tres noblezas (Record no. 157150)

MARC details
000 -LEADER
campo de control de longitud fija 01010nam a22001935i 4500
001 - NÚMERO DE CONTROL
campo de control 157150
003 - IDENTIFICADOR DE NÚMERO DE CONTROL
campo de control ES-MaACL
005 - FECHA Y HORA DE LA ÚLTIMA TRANSACCIÓN
campo de control 20250822231020.0
008 - DATOS DE LONGITUD FIJA--INFORMACIÓN GENERAL
campo de control de longitud fija 040810s1853 sp |||| | spa d
040 ## - FUENTE DE CATALOGACIÓN
Centro catalogador/agencia de origen CAM
Lengua de catalogación spa
Centro/agencia transcriptor CAM
100 1# - ENTRADA PRINCIPAL--NOMBRE DE PERSONA
Nombre de persona Larrea, José María de.
9 (RLIN) 128705
245 14 - MENCIÓN DEL TÍTULO
Título Las tres noblezas
Resto del título : comedia en tres actos /
Mención de responsabilidad, etc. original de José María de Larrea y Luis Mariano de Larra.
260 ## - PUBLICACIÓN, DISTRIBUCIÓN, ETC.
Lugar de publicación, distribución, etc. Madrid :
Nombre del editor, distribuidor, etc. [D.H.],
Fecha de publicación, distribución, etc. 1853 (
Fabricante Imprenta de José María Repullés)
300 ## - DESCRIPCIÓN FÍSICA
Extensión 76 p. ;
Dimensiones 18 cm.
500 ## - NOTA GENERAL
Nota general En port.: Representada en el teatro de Variedades; ... aprobada para su representación en los teatros del Reino, en 17 de agosto de 1853.
700 1# - ENTRADA AGREGADA--NOMBRE PERSONAL
Nombre de persona Larra y Wetoret, Luis Mariano de,
Fechas asociadas al nombre 1830-1901
9 (RLIN) 70289
852 ## - LOCALIZACIÓN
Ubicación ES-MaACL
Número de control de estantería F-8613(4)
Nota libre -- Enc. pasta española
-- -- Sello de la Galería Dramática de Delgado Hermanos
condición física -- Falto de la cub. original
Nota libre -- Enc. en un vol. facticio formando parte de la col. facticia "Teatro español moderno", vol. 68
Holdings
Estatus retirado Estado de pérdida Estado de daño No para préstamo Colección Biblioteca de origen Biblioteca actual Ubicación en estantería Fecha de adquisición Total de préstamos Signatura topográfica completa Código de barras Visto por última vez Precio de reemplazo Tipo de ítem Koha
        Libros del s. XIX Biblioteca del Ateneo de Madrid Biblioteca del Ateneo de Madrid Sala Pecera Planta 2 17/01/2008   F-8613(4) 1164426 23/02/2023 23/02/2023 Libro impreso antiguo